000 00302nam a22001097a 4500
050 _aT385
_b.T53 2008
100 _aTickoo, Sham
245 _a AutoCAD 2008 :
_ba problem-solving approach
300 _aIncludes index.
650 _bAutoCAD
_vComputer graphics
_xComputer-aided design
942 _2lcc
_cGEN
999 _c4803
_d4803